Germanium /

Bibliographic Details
Main Author: Davydov, Vladimir Ivanovich
Other Authors: Rudenko, N. P. (Nikolaĭ Pavlovich), Kovtun, Liudmila Vadilevna
Format: Book
Language:English
Russian
Published: New York : Gordon and Breach, [1966]
Series:Russian monographs and texts on the physical sciences.
Subjects:

MARC

Tag First Indicator Second Indicator Subfields
LEADER 00000cam a2200000 4500
001 in00000043239
005 20151007070927.0
008 730122s1966 nyua b 00010 eng u
010 |a  66028891  
035 |a (OCoLC)00544104 
035 |9 AAE4981AM 
040 |c WSU  |d TXA  |d UtOrBLW 
041 1 |a eng  |a rus 
049 |a TXAM  |c [471536] 
050 0 |a QD181.G5  |b D33 
092 |a 546.684  |b D268g, 1966 
100 1 |a Davydov, Vladimir Ivanovich. 
245 1 0 |a Germanium /  |c [by] V. I. Davydor. Including, radioactive isotopes of germanium by P. Rudenko and L. V. Kovtun. Translated from the russian by Adam Peiperl. 
264 1 |a New York :  |b Gordon and Breach,  |c [1966] 
264 4 |c [©1966] 
300 |a 417 pages :  |b illustrations ;  |c 24 cm. 
336 |a text  |b txt  |2 rdacontent 
337 |a unmediated  |b n  |2 rdamedia 
338 |a volume  |b nc  |2 rdacarrier 
490 1 |a Russian monographs and texts on the physical sciences 
504 |a Includes bibliographies. 
650 0 |a Germanium. 
700 1 |a Rudenko, N. P.  |q (Nikolaĭ Pavlovich).  |t Radioactive isotopes of germanium. 
700 1 |a Kovtun, Liudmila Vadilevna. 
830 0 |a Russian monographs and texts on the physical sciences. 
999 |a MARS 
999 f f |s 17bca557-4495-3f88-9060-d0f36b5fc4cd  |i 9a4b8584-7ebc-3222-ad94-9a1a3ceddd4d  |t 0 
952 f f |p ric  |a Texas A&M University  |b Rellis Campus  |c Joint Library Facility  |d Remote Storage  |t 0  |e QD181.G5 D33  |h Library of Congress classification  |i unmediated -- volume  |m A14800942364 
998 f f |a QD181.G5 D33  |t 0  |l Remote Storage